[Event "Krefeld op"]
[Site "Krefeld"]
[Date "2023.08.05"]
[Round "6"]
[White "Schmitz, Constantin"]
[Black "Karl, Florian"]
[Result "1/2-1/2"]
[WhiteElo "1508"]
[BlackElo "1781"]
[PlyCount "49"]
[EventDate "2023.08.02"]
[EventType "swiss"]
[EventRounds "9"]
[EventCountry "GER"]
[SourceTitle "CBM 215 Extra"]
[Source "ChessBase"]
[SourceDate "2023.09.30"]
[SourceVersion "1"]
[SourceVersionDate "2023.09.30"]
[SourceQuality "1"]

1. d4 d5 2. c4 c6 3. Nc3 Nf6 4. Nf3 e6 5. Bf4 Be7 6. e3 0-0 7. Bd3 Nbd7 8. 0-0 h6 9. h3 dxc4 10. Bxc4 Nd5 11. Bh2 N7f6 12. Re1 b6 13. e4 Nxc3 14. bxc3 Bb7 15. Bd3 c5 16. Rb1 c4 17. Bc2 Nd7 18. Ne5 Nxe5 19. Bxe5 Bd6 20. Bxd6 Qxd6 21. e5 Qe7 22. Re3 f5 23. exf6 Qxf6 24. Qe2 Bd5 25. Rf1 1/2-1/2

[Event "Rhein Main op-A 22nd"]
[Site "Bad Homburg"]
[Date "2019.06.21"]
[Round "4"]
[White "Karl, Florian"]
[Black "Yaghy, Ritta"]
[Result "0-1"]
[WhiteElo "1608"]
[BlackElo "1824"]
[PlyCount "80"]
[EventDate "2019.06.19"]
[EventType "swiss"]
[EventRounds "9"]
[EventCountry "GER"]
[SourceTitle "EXT 2020"]
[Source "ChessBase"]
[SourceDate "2019.10.17"]
[SourceVersion "1"]
[SourceVersionDate "2019.10.17"]
[SourceQuality "1"]

1. d4 d5 2. c4 e6 3. Nc3 c6 4. e3 Nf6 5. Nf3 Nbd7 6. Bd3 dxc4 7. Bxc4 b5 8. Be2 a6 9. a3 c5 10. dxc5 Bxc5 11. b4 Be7 12. 0-0 Bb7 13. Nd4 Rc8 14. Bb2 Ne5 15. Nb3 Qc7 16. Na5 Rd8 17. Qb3 Ba8 18. h3 0-0 19. Rac1 Qb8 20. Rfd1 Rc8 21. Rd2 Nd5 22. Qd1 f5 23. Nxd5 Bxd5 24. f4 Rxc1 25. Bxc1 Nf7 26. Bf3 Bxf3 27. Qxf3 Bf6 28. e4 Qc7 29. Rd1 fxe4 30. Qxe4 e5 31. Bb2 Qb6+ 32. Kh1 exf4 33. Bxf6 Qxf6 34. Nc6 Ng5 35. Qd5+ Kh8 36. Rf1 f3 37. gxf3 Nxh3 38. Ne5 Nf4 39. Qd2 Qxe5 40. Re1 Qh5+ 0-1

[Event "Hessen-chB"]
[Site "Frankfurt"]
[Date "2019.05.31"]
[Round "4"]
[White "Karl, Florian"]
[Black "Osterloh, Felix"]
[Result "1/2-1/2"]
[WhiteElo "1608"]
[BlackElo "1833"]
[PlyCount "65"]
[EventDate "2019.05.30"]
[EventType "swiss"]
[EventRounds "7"]
[EventCountry "GER"]
[SourceTitle "EXT 2020"]
[Source "ChessBase"]
[SourceDate "2019.10.17"]
[SourceVersion "1"]
[SourceVersionDate "2019.10.17"]
[SourceQuality "1"]

1. d4 e6 2. c4 Bb4+ 3. Bd2 Qe7 4. Nc3 Nf6 5. Nf3 0-0 6. e3 b6 7. Bd3 Bb7 8. 0-0 d6 9. a3 Bxc3 10. Bxc3 Ne4 11. Bxe4 Bxe4 12. Nd2 Bb7 13. e4 Nd7 14. Re1 e5 15. dxe5 dxe5 16. b4 Rfd8 17. Qc2 Nf6 18. Qb2 Re8 19. f3 Nh5 20. Rad1 Nf4 21. Nf1 f6 22. Ne3 Rad8 23. Qc2 c6 24. g3 Ne6 25. Re2 Rxd1+ 26. Qxd1 Rd8 27. Rd2 Rxd2 28. Qxd2 g6 29. Ng4 c5 30. Ne3 Nd4 31. Bxd4 exd4 32. Nd5 Bxd5 33. exd5 1/2-1/2

[Event "Hessen-chB"]
[Site "Frankfurt"]
[Date "2019.05.31"]
[Round "3"]
[White "Schimmer, Michael"]
[Black "Karl, Florian"]
[Result "1/2-1/2"]
[WhiteElo "1805"]
[BlackElo "1608"]
[PlyCount "34"]
[EventDate "2019.05.30"]
[EventType "swiss"]
[EventRounds "7"]
[EventCountry "GER"]
[SourceTitle "EXT 2020"]
[Source "ChessBase"]
[SourceDate "2019.10.17"]
[SourceVersion "1"]
[SourceVersionDate "2019.10.17"]
[SourceQuality "1"]

1. e4 c5 2. Nf3 Nc6 3. d4 cxd4 4. Nxd4 Nf6 5. Nc3 g6 6. Nxc6 bxc6 7. e5 Nh5 8. Bc4 d5 9. exd6 exd6 10. Qf3 d5 11. Nxd5 cxd5 12. Bxd5 Qe7+ 13. Be3 Rb8 14. 0-0-0 Bg7 15. Bc6+ Kf8 16. c3 Bxc3 17. bxc3 Qa3+ 1/2-1/2

[Event "Hessen-chB"]
[Site "Frankfurt"]
[Date "2019.05.30"]
[Round "1"]
[White "Weiland, Thomas"]
[Black "Karl, Florian"]
[Result "0-1"]
[WhiteElo "1817"]
[BlackElo "1608"]
[PlyCount "104"]
[EventDate "2019.05.30"]
[EventType "swiss"]
[EventRounds "7"]
[EventCountry "GER"]
[SourceTitle "EXT 2020"]
[Source "ChessBase"]
[SourceDate "2019.10.17"]
[SourceVersion "1"]
[SourceVersionDate "2019.10.17"]
[SourceQuality "1"]

1. c4 e6 2. Nf3 d5 3. cxd5 exd5 4. d4 Nf6 5. Nc3 Be7 6. g3 0-0 7. Bg2 c6 8. 0-0 Bf5 9. Nh4 Bg4 10. f3 Bh5 11. Nf5 Bb4 12. g4 Bg6 13. Bg5 Bxf5 14. gxf5 Be7 15. Kh1 Nbd7 16. Rg1 Ng4 17. fxg4 Bxg5 18. e4 dxe4 19. Nxe4 Nb6 20. Qf3 Nd5 21. Rae1 Re8 22. Nxg5 Qxg5 23. Re5 Nf6 24. h3 h5 25. gxh5 Nxh5 26. Bf1 Qh6 27. Bc4 Nf4 28. Kh2 Rxe5 29. dxe5 Rd8 30. Bf1 Rd2+ 31. Kh1 Nd5 32. Qg4 Ne3 33. Qf3 Nxf1 34. Rxf1 Rxb2 35. f6 Qd2 36. Qg3 Qd5+ 37. Kg1 Qd4+ 38. Kh1 g6 39. Re1 Qd5+ 40. Kg1 Qd4+ 41. Kh1 Qf2 42. Qxf2 Rxf2 43. a4 Rd2 44. Re4 Rd3 45. Kg2 c5 46. h4 Kf8 47. Rg4 Rd4 48. Kf3 Rxg4 49. Kxg4 Ke8 50. Kg5 Kd7 51. h5 gxh5 52. Kf5 Ke8 0-1

[Event "Bad Soden U18 op 5th"]
[Site "Bad Soden"]
[Date "2018.10.03"]
[Round "9.4"]
[White "Sever, Mustafa Batuhan"]
[Black "Karl, Florian"]
[Result "1-0"]
[WhiteElo "2046"]
[BlackElo "1608"]
[PlyCount "81"]
[EventDate "2018.09.30"]
[EventType "swiss"]
[EventRounds "9"]
[EventCountry "GER"]
[SourceTitle "EXT 2020"]
[Source "ChessBase"]
[SourceDate "2019.10.17"]
[SourceVersion "1"]
[SourceVersionDate "2019.10.17"]
[SourceQuality "1"]

1. e4 c5 2. Nf3 Nc6 3. d4 cxd4 4. Nxd4 d6 5. Nc3 Bd7 6. Be3 g6 7. Be2 Bg7 8. 0-0 Nf6 9. f3 0-0 10. Qd2 a6 11. a4 Rc8 12. Nxc6 Bxc6 13. a5 Nd7 14. Bd4 e5 15. Be3 Nf6 16. Rfd1 Ne8 17. Nd5 Bxd5 18. exd5 f5 19. c4 Qd7 20. Rac1 Nf6 21. Bb6 e4 22. f4 Rfe8 23. Be3 h6 24. b4 Kh7 25. Rb1 Red8 26. b5 Rb8 27. Qa2 Rdc8 28. Qa3 Ne8 29. bxa6 bxa6 30. Rb6 Rxb6 31. axb6 Qb7 32. Rd2 Ra8 33. Ra2 Bf8 34. Qa4 Nf6 35. Qc6 Rb8 36. Bd4 Nd7 37. Rxa6 Qxa6 38. Qxd7+ Kg8 39. Qe6+ Kh7 40. Qf7+ Bg7 41. Qxg7# 1-0

[Event "Bad Soden U18 op 5th"]
[Site "Bad Soden"]
[Date "2018.09.30"]
[Round "1.11"]
[White "Karl, Florian"]
[Black "Wagner, Valerian"]
[Result "1-0"]
[WhiteElo "1608"]
[BlackElo "773"]
[PlyCount "101"]
[EventDate "2018.09.30"]
[EventType "swiss"]
[EventRounds "9"]
[EventCountry "GER"]
[SourceTitle "EXT 2020"]
[Source "ChessBase"]
[SourceDate "2019.10.17"]
[SourceVersion "1"]
[SourceVersionDate "2019.10.17"]
[SourceQuality "1"]

1. d4 d5 2. c4 dxc4 3. Nc3 Nf6 4. e3 Bg4 5. Qa4+ Nc6 6. Bxc4 e6 7. Nge2 Bd6 8. 0-0 0-0 9. f3 Bh5 10. Rd1 Nb4 11. a3 Nbd5 12. Qb3 b6 13. e4 Nxc3 14. Nxc3 c5 15. Be3 Qe7 16. e5 cxd4 17. exd6 Qxd6 18. Bxd4 Nd5 19. Nxd5 exd5 20. Bxd5 Rad8 21. Be4 Bg6 22. Bxg6 hxg6 23. Bf2 Qf4 24. Rxd8 Rxd8 25. Rd1 Rxd1+ 26. Qxd1 Qc4 27. Qd8+ Kh7 28. Qh4+ Qxh4 29. Bxh4 Kg8 30. Kf2 Kf8 31. Ke3 Ke8 32. Kd4 Kd7 33. Kd5 Kc7 34. Bg3+ Kb7 35. Kd6 a5 36. Ke7 Kc6 37. Kxf7 g5 38. Kxg7 Kb5 39. Kg6 Kc4 40. Kxg5 Kd4 41. h4 Kd3 42. h5 Kc2 43. Be5 b5 44. h6 b4 45. axb4 axb4 46. h7 b3 47. h8Q Kd3 48. Qd8+ Ke3 49. Qd4+ Ke2 50. Bg3 Kf1 51. Qf2# 1-0

[Event "Heusenstamm Sparkassen op U14 2nd"]
[Site "Heusenstamm"]
[Date "2015.11.27"]
[Round "5"]
[White "Karl, Florian"]
[Black "Werner, Tom"]
[Result "1/2-1/2"]
[WhiteElo "1640"]
[BlackElo "1160"]
[PlyCount "26"]
[EventDate "2015.11.27"]
[EventType "swiss"]
[EventRounds "5"]
[EventCountry "GER"]
[SourceTitle "EXT 2018"]
[Source "ChessBase"]
[SourceDate "2017.10.13"]
[SourceVersion "1"]
[SourceVersionDate "2017.10.13"]
[SourceQuality "1"]

1. d4 e6 2. c4 d5 3. Bf4 Nf6 4. e3 Bb4+ 5. Nd2 0-0 6. a3 Bd6 7. Bxd6 Qxd6 8. Ngf3 b6 9. Be2 Nbd7 10. 0-0 Bb7 11. b4 c5 12. cxd5 exd5 13. bxc5 bxc5 1/2-1/2

[Event "Rhein Main op-B 18th"]
[Site "Bad Homburg"]
[Date "2015.06.04"]
[Round "2"]
[White "Karl, Florian"]
[Black "Desor, Helmut"]
[Result "1/2-1/2"]
[WhiteElo "1391"]
[BlackElo "1782"]
[PlyCount "32"]
[EventDate "2015.06.03"]
[EventType "swiss"]
[EventRounds "7"]
[EventCountry "GER"]
[SourceTitle "CBM 167 Extra"]
[Source "ChessBase"]
[SourceDate "2015.09.14"]
[SourceVersion "1"]
[SourceVersionDate "2015.09.14"]
[SourceQuality "1"]

1. d4 Nf6 2. c4 d6 3. Nf3 Nbd7 4. Bg5 h6 5. Bh4 c6 6. Nc3 a6 7. b4 b5 8. c5 d5 9. e3 g5 10. Bg3 Bg7 11. h3 Ne4 12. Nxe4 dxe4 13. Nd2 Nf6 14. Qc2 Qd5 15. Be5 Bf5 16. Be2 Bg6 1/2-1/2

[Event "Hessen-ch U12"]
[Site "Bad Homburg"]
[Date "2014.??.??"]
[Round "9"]
[White "Ruppert, Paula"]
[Black "Karl, Florian"]
[Result "1/2-1/2"]
[WhiteElo "1193"]
[BlackElo "1051"]
[PlyCount "79"]
[EventDate "2014.04.??"]
[EventType "swiss"]
[EventRounds "9"]
[EventCountry "GER"]
[SourceTitle "EXT 2022"]
[Source "ChessBase"]
[SourceDate "2021.10.06"]
[SourceVersion "1"]
[SourceVersionDate "2021.10.06"]
[SourceQuality "1"]

1. e4 e5 2. Nf3 Nc6 3. d4 exd4 4. Bc4 f6 5. c3 dxc3 6. Nxc3 Bb4 7. Qb3 Bxc3+ 8. bxc3 Nh6 9. Bxh6 gxh6 10. Bg8 Qe7 11. 0-0 b6 12. Nh4 Qf8 13. Bd5 Bb7 14. a4 Na5 15. Qa2 Bxd5 16. Qxd5 c6 17. Qd3 0-0-0 18. c4 Qc5 19. Rac1 Qb4 20. Qc2 Qb3 21. Qxb3 Nxb3 22. Rc3 Nc5 23. Re1 a5 24. Rc2 Nxa4 25. Ra2 Nc5 26. f3 Rde8 27. Nf5 Kc7 28. Nxh6 Rhf8 29. Nf5 Re5 30. Rb1 Rfe8 31. Rab2 Rb8 32. Rd2 b5 33. cxb5 Rxb5 34. Rxb5 cxb5 35. Ra2 Kb6 36. Ne3 a4 37. Nd5+ Ka5 38. Kf2 b4 39. Rc2 Nb3 40. Rc7 1/2-1/2

[Event "Hessen-ch U12"]
[Site "Bad Homburg"]
[Date "2013.??.??"]
[Round "3"]
[White "Karl, Florian"]
[Black "Bajorski, Marius"]
[Result "0-1"]
[WhiteElo "910"]
[BlackElo "1157"]
[PlyCount "150"]
[EventDate "2013.03.??"]
[EventType "swiss"]
[EventRounds "9"]
[EventCountry "GER"]
[SourceTitle "EXT 2014"]
[Source "ChessBase"]
[SourceDate "2013.11.20"]
[SourceVersion "1"]
[SourceVersionDate "2013.11.20"]
[SourceQuality "1"]

1. e4 e5 2. Nf3 Nc6 3. d4 exd4 4. Nxd4 Nf6 5. Nxc6 bxc6 6. f3 Bc5 7. Nc3 0-0 8. Bd2 d5 9. e5 Re8 10. f4 Ng4 11. Qf3 Bf2+ 12. Kd1 Bb6 13. Kc1 Nf2 14. Rg1 Nd3+ 15. Bxd3 Bxg1 16. h3 Bc5 17. Kb1 Qe7 18. a3 Rb8 19. b4 a5 20. Na2 Bd4 21. c3 Bc5 22. Kc2 axb4 23. axb4 Bb6 24. Re1 Bd7 25. c4 dxc4 26. Bxc4 Bf5+ 27. Kc1 c5 28. Bc3 Bg6 29. Bd3 Bxd3 30. Qxd3 cxb4 31. Bxb4 Bc5 32. Bc3 Ba3+ 33. Kd1 Rbd8 34. Qxd8 Rxd8+ 35. Kc2 Bc5 36. Rf1 Bd4 37. Bd2 f6 38. exf6 Bxf6 39. Re1 Qc5+ 40. Kd1 Qd4 41. Re2 Qa1+ 42. Nc1 Bb2 43. Kc2 Bxc1 44. Bxc1 Qa2+ 45. Bb2 Rb8 46. Kc3 Qb3+ 47. Kd2 Qxb2+ 48. Kd3 Qb5+ 49. Kd2 c5 50. Re3 c4 51. Rc3 Qb4 52. g4 Qxc3+ 53. Kxc3 Rc8 54. h4 Kf7 55. h5 h6 56. g5 hxg5 57. fxg5 g6 58. hxg6+ Kxg6 59. Kc2 Kxg5 60. Kc3 Rd8 61. Kxc4 Kf5 62. Kc5 Ke6 63. Kc4 Ke5 64. Kb4 Rc8 65. Kb5 Kd6 66. Ka5 Rb8 67. Ka6 Rb1 68. Ka5 Kc6 69. Ka4 Kc5 70. Ka3 Kc4 71. Ka2 Rb8 72. Ka3 Rb7 73. Ka2 Kc3 74. Ka1 Kc2 75. Ka2 Ra7# 0-1

[Event "Hessen-ch U12"]
[Site "Bad Homburg"]
[Date "2013.??.??"]
[Round "8"]
[White "Kirchner, Markus"]
[Black "Karl, Florian"]
[Result "1-0"]
[WhiteElo "998"]
[BlackElo "910"]
[PlyCount "61"]
[EventDate "2013.03.??"]
[EventType "swiss"]
[EventRounds "9"]
[EventCountry "GER"]
[SourceTitle "EXT 2014"]
[Source "ChessBase"]
[SourceDate "2013.11.20"]
[SourceVersion "1"]
[SourceVersionDate "2013.11.20"]
[SourceQuality "1"]

1. e4 e5 2. Nf3 Nc6 3. Bc4 Nf6 4. Nc3 Bc5 5. d3 d6 6. h3 h6 7. Be3 Bxe3 8. fxe3 Be6 9. Bb3 Qe7 10. Nd5 Ng8 11. Nxe7 Ngxe7 12. Bxe6 fxe6 13. d4 0-0-0 14. 0-0 g5 15. Nh2 d5 16. exd5 exd5 17. dxe5 Nxe5 18. Qe2 N5c6 19. Rad1 Rhe8 20. e4 Kb8 21. Rfe1 a6 22. exd5 Nxd5 23. Qxe8 Rxe8 24. Rxe8+ Ka7 25. Rxd5 b6 26. Rd7 Kb7 27. Nf3 Na7 28. Nd4 Nb5 29. Ne6 a5 30. a4 Nd6 31. Rxc7+ 1-0

[Event "Hessen-ch U12"]
[Site "Bad Homburg"]
[Date "2013.??.??"]
[Round "4"]
[White "Volkov, Michael"]
[Black "Karl, Florian"]
[Result "1-0"]
[WhiteElo "1116"]
[BlackElo "910"]
[PlyCount "79"]
[EventDate "2013.03.??"]
[EventType "swiss"]
[EventRounds "9"]
[EventCountry "GER"]
[SourceTitle "EXT 2014"]
[Source "ChessBase"]
[SourceDate "2013.11.20"]
[SourceVersion "1"]
[SourceVersionDate "2013.11.20"]
[SourceQuality "1"]

1. e4 e5 2. Nf3 Nc6 3. Nc3 Nf6 4. Bc4 Bc5 5. d3 d6 6. h3 Bd7 7. 0-0 Qe7 8. Bg5 h6 9. Be3 Bxe3 10. fxe3 g5 11. Nd5 Nxd5 12. Bxd5 f6 13. Nd2 0-0-0 14. Qh5 Be8 15. Qf3 Rf8 16. c3 Bd7 17. Qh5 Qg7 18. a4 g4 19. Bxc6 bxc6 20. h4 c5 21. d4 cxd4 22. exd4 Be8 23. Qf5+ Bd7 24. Qf2 h5 25. d5 c5 26. dxc6 Bxc6 27. g3 Rd7 28. Qe2 Bb7 29. a5 Rc7 30. Ra4 Kd8 31. Rc4 Ba6 32. Rxc7 Qxc7 33. Qxa6 Rf7 34. Nc4 Rd7 35. Rxf6 Qc5+ 36. Kg2 d5 37. exd5 Qxd5+ 38. Kh2 Qd1 39. Rf8+ Ke7 40. Qf6# 1-0